Corruption among nations: Impact of education, income and globalisation (Record no. 79502)

000 -LEADER
fixed length control field 01226pab a2200205 454500
008 - FIXED-LENGTH DATA ELEMENTS--GENERAL INFORMATION
fixed length control field 180718b2008 xxu||||| |||| 00| 0 eng d
100 ## - MAIN ENTRY--PERSONAL NAME
Personal name Yadav, Gopal J.
245 ## - TITLE STATEMENT
Title Corruption among nations: Impact of education, income and globalisation
260 ## - PUBLICATION, DISTRIBUTION, ETC.
Date of publication, distribution, etc. 2008
300 ## - PHYSICAL DESCRIPTION
Extent p.221-235.
362 ## - DATES OF PUBLICATION AND/OR SEQUENTIAL DESIGNATION
Dates of publication and/or sequential designation Apr-Jun
520 ## - SUMMARY, ETC.
Summary, etc. Corruption has come to be viewed as an important factor affecting economic, political and social lives both in developed as well as developing countries. it has become almost omnipresent, existing in all geographical areas, in all stages of economic development and every kind of government. This article attempts to analyse whether there exists any relationship between the corruption level of the countries and their per capita income, education level and exposure to outside world. The article notes that narrowly focussed frontal attacks on corruption in developing countries have not been successful because such efforts fail to tackle broader underlying factors that create or sustain it. - Reproduced.
650 ## - SUBJECT ADDED ENTRY--TOPICAL TERM
Topical term or geographic name entry element Globalization
650 ## - SUBJECT ADDED ENTRY--TOPICAL TERM
Topical term or geographic name entry element Income
650 ## - SUBJECT ADDED ENTRY--TOPICAL TERM
Topical term or geographic name entry element Education
650 ## - SUBJECT ADDED ENTRY--TOPICAL TERM
Topical term or geographic name entry element Corruption
773 ## - HOST ITEM ENTRY
Main entry heading Indian Journal of Public Administration
908 ## - PUT COMMAND PARAMETER (RLIN)
Put command parameter N
909 ## -
-- 79502
Holdings
Withdrawn status Lost status Damaged status Not for loan Permanent Location Current Location Date acquired Serial Enumeration / chronology Barcode Date last seen Price effective from Koha item type
        Indian Institute of Public Administration Indian Institute of Public Administration 2018-07-19 Volume no: 54, Issue no: 2 AR79962 2018-07-19 2018-07-19 Articles

Powered by Koha